000 00724cam a2200229 a 4500
001 4473426
005 20180112051010.0
008 961121s1997 flua b 001 0 eng
010 _a 96049213
020 _a0849326591 (acidfree paper)
040 _aDLC
_cDLC
_dDLC
041 _aeng
080 _a572.86.072 WIL
082 0 0 _a572.86.072 WIL
_221
100 _a12
101 _aBIO
245 0 0 _aMethods in gene biotechnology /
_cWilliam Wu ... [et al.].
504 _aIncludes bibliographical references and index.
906 _a7
_bcbc
_corignew
_d1
_eocip
_f19
_gy-gencatlg
942 _2ddc
_cBK
999 _c40199
_d40199